000 00523nam a22002057a 4500
003 OSt
005 20140310184335.0
008 131005t xxu||||| |||| 00| 0 eng d
020 _a9780439696500
050 _aPZ 7
_b.L666 2004
100 _aLeviton, Michael.
_924072
245 _aNot again /
_cMichael Leviton.
260 _aNew York, NY :
_bScholastic Inc.,
_c2004.
300 _a31 p. :
_bill. ;
_c19 cm.
521 _aG2
526 _c490
650 _aFiction
_9746
942 _2lcc
_cBK-SCHOLAS
999 _c33717
_d33717